Saudações em Espanhol - Statistics

Estatísticas Gerais
  • Esse quiz foi jogado 71 vezes
  • A pontuação média é 5 de 5
Estatísticas das Respostas
Imagem Resposta % Correto
Buenas tardes
94%
Buenos días
92%
Buenas noches
90%
Hola
90%
Adios
84%
Nenhum quiz correspondente encontrado
Distribuição das Pontuações
Porcentagem de Pessoas com Cada Pontuação
Percentil de Números Respondidos
Sua Pontuação Histórica
Você não jogou esse quiz